ALL INDIA REPORTER 2007 (V-94) CHHATTISGARH (Record no. 6876)

MARC details
000 -LEADER
fixed length control field 00383nam a22001457a 4500
005 - DATE AND TIME OF LATEST TRANSACTION
control field 20200607095828.0
008 - FIXED-LENGTH DATA ELEMENTS--GENERAL INFORMATION
fixed length control field 200607b xxu||||| |||| 00| 0 eng d
082 ## - DEWEY DECIMAL CLASSIFICATION NUMBER
Classification number 345.4
110 ## - MAIN ENTRY--CORPORATE NAME
Corporate name or jurisdiction name as entry element ALL INDIA REPORTER
245 ## - TITLE STATEMENT
Title ALL INDIA REPORTER 2007 (V-94) CHHATTISGARH
260 ## - PUBLICATION, DISTRIBUTION, ETC. (IMPRINT)
Place of publication MUMBAI
Name of publisher ALL INDIA REPORTER PVT. LTD.
300 ## - PHYSICAL DESCRIPTION
Number of Pages 224;p
650 ## - SUBJECT ADDED ENTRY--TOPICAL TERM
Topical Term LAW
942 ## - ADDED ENTRY ELEMENTS (KOHA)
Koha item type Journals/Serial
Holdings
Lost status Damaged status Collection code Home library Current library Shelving location Date acquired Full call number Accession Number Koha item type
    LAW JRU Library JRU Library SHELF-39-G 19/06/2020 345.4 24469 Journals/Serial